Fundamentos de dibujo mecanico /
Guardado en:
| Autor Principal: | |
|---|---|
| Formato: | Libro |
| Publicado: |
México :
Mcgraw-hill,
1978
|
| Materias: | |
| Etiquetas: |
Agregar Etiqueta
Sin Etiquetas, Sea el primero en etiquetar este registro!
|
| LEADER | 00451nam a22001575a 4500 | ||
|---|---|---|---|
| 001 | CEM.cems016851 | ||
| 005 | 20091116112304.0 | ||
| 008 | 130507s1978##################000#0#####d | ||
| 003 | CEMS | ||
| 082 | 0 | 4 | |a 744 |
| 100 | 1 | |a Jensen, C H | |
| 245 | 1 | 0 | |a Fundamentos de dibujo mecanico / |c C H Jensen, F H S Mason |
| 260 | |a México : |b Mcgraw-hill, |c 1978 | ||
| 300 | |a 223 p. | ||
| 653 | |a Dibujo | ||
| 859 | |a CEMS |b BIB. CEMS - Agricultura |h 744 |i J453 |p A18236.95 |t Ej.1 |v 1 |3 Vol. 1 | ||
